000 00447nam a2200169Ia 4500
008 230524s9999 xx 000 0 und d
082 _a333.79
_bKOT
100 _aD.P.Kothari
245 0 _aRenewable Energy Sources and Emerging Technologies
250 _aIST
260 _aNEW DELHI
_bPHI
_c2009
300 _aXVIII;350
500 _aQuantity Number: 100
650 _aElectrical
700 _a" K.C.Singal , Rakesh Ranjan,,,"
942 _cBK
999 _c47345
_d47345